Hatvan szegedi papucsosmester élet-halál harca a papucs-dömping ellen
Elmentve itt :
| Dokumentumtípus: | Cikk |
|---|---|
| Megjelent: |
1938-07-31
|
| Sorozat: | Délmagyarország
14 No. 161 |
| Kulcsszavak: | Szegedi papucs 1938 |
| Online Access: | http://dmarchiv.bibl.u-szeged.hu/50130 |
| LEADER | 00447nab a2200145 i 4500 | ||
|---|---|---|---|
| 001 | delm50130 | ||
| 005 | 20180927134833.0 | ||
| 008 | 180927s1938 hu o 0|| hun d | ||
| 040 | |a SZTE Délmagyarország Archívum |b hun | ||
| 041 | |a hun | ||
| 245 | 0 | 0 | |a Hatvan szegedi papucsosmester élet-halál harca a papucs-dömping ellen |h [elektronikus dokumentum] |
| 260 | |c 1938-07-31 | ||
| 300 | |a 4 | ||
| 490 | 0 | |a Délmagyarország |v 14 No. 161 | |
| 695 | |a Szegedi papucs 1938 | ||